00911nam a22001937a 4500003000900000008004100009020002200050040007100072082001500143100001900158245007900177260002800256300002800284505033900312650001600651650001400667650001400681700002200695AR-CdUCM190325b ||||| |||| 00| 0 spa d a978-9978-67-157-3 aMUNICIPALIDAD PROVINCIAL DEL CUSCOcBIBLIOTECA MUNICIPAL DEL CUSCO a325 /bT73 aTorres, Alicia aAl filo de la identidad :bla migración indígena en América Latina / aQuito :bFLACSO,c2008. a164 páginas ;c21 cm. aContenido: Las comunidades mayas e Guatemala en Estados Unidos -- Estrategias, inversiones e interacciones de las mujeres migrantes kichwa otavalo -- Migración trasnacional de los kichwa otavalo a la fiesta del Pakwar Raymi -- Comunidades trasnacionales indígenas: experiencia migratoria del pueblo saraguro en Vera (España) ... aMigración aIdentidad aComunidad aCarrasco, Jesús